La crisis agraria europea y sus remedios en España / (Record no. 164574)

MARC details
000 -LEADER
campo de control de longitud fija 00601nam a22001695i 4500
001 - NÚMERO DE CONTROL
campo de control 164574
003 - IDENTIFICADOR DE NÚMERO DE CONTROL
campo de control ES-MaACL
005 - FECHA Y HORA DE LA ÚLTIMA TRANSACCIÓN
campo de control 20240511063040.0
008 - DATOS DE LONGITUD FIJA--INFORMACIÓN GENERAL
campo de control de longitud fija 991123s1887 sp |||| | spa d
040 ## - FUENTE DE CATALOGACIÓN
Centro catalogador/agencia de origen CCPB | B
Lengua de catalogación spa
Centro/agencia transcriptor CCPB | B
100 1# - ENTRADA PRINCIPAL--NOMBRE DE PERSONA
Nombre de persona Sánchez de Toca, Joaquín,
Fechas asociadas al nombre 1852-1942
9 (RLIN) 102598
245 13 - MENCIÓN DEL TÍTULO
Título La crisis agraria europea y sus remedios en España /
Mención de responsabilidad, etc. por Joaquín Sánchez de Toca.
260 ## - PUBLICACIÓN, DISTRIBUCIÓN, ETC.
Lugar de publicación, distribución, etc. Madrid :
Nombre del editor, distribuidor, etc. [s.n.],
Fecha de publicación, distribución, etc. 1887 (
Fabricante tipografía de Manuel Ginés Hernández)
300 ## - DESCRIPCIÓN FÍSICA
Extensión XII, 412 p. ;
Dimensiones 19 cm.
852 ## - LOCALIZACIÓN
Ubicación ES-MaACL
Número de control de estantería G-486
Nota libre -- Enc. pasta
Holdings
Estatus retirado Estado de pérdida Estado de daño No para préstamo Colección Biblioteca de origen Biblioteca actual Ubicación en estantería Fecha de adquisición Fuente de adquisición Total de préstamos Signatura topográfica completa Código de barras Visto por última vez Precio de reemplazo Tipo de ítem Koha
        Libros del s. XIX Biblioteca del Ateneo de Madrid Biblioteca del Ateneo de Madrid Depósito 2 17/01/2008     G-486 1172512 23/02/2023 23/02/2023 Libro impreso antiguo